000 00219 a2200097 4500
001 2329
100 _aKoelle, H H
245 _aHandbook of Astronautical Engineering
260 _a
_bMc Graw Hill
_c
090 _c1689
_d1689
942 _aNUST-CAE
_cM
_c7657
999 _c237402
_d237402